Random french words to english-randomized - Statistics

General Stats
  • This quiz has been taken 44 times
  • The average score is 15 of 20
Answer Stats
Hint Answer % Correct
Avril April
100%
Oiseau Bird
100%
Noir Black
100%
Bleu Blue
100%
Frère Brother
100%
Lapin Bunny
100%
Décembre December
100%
Chien Dog
100%
Dauphin Dolphin
100%
Âne Donkey
100%
Huit Eight
100%
Dix-Huit Eighteen
100%
Onze Eleven
100%
Cinquante Fifty
100%
Poisson Fish
100%
Cinq Five
100%
Quatre Four
100%
Quatorze Fourteen
100%
J'ai I have
100%
Aimer Like
100%
Lundi Monday
100%
Novembre November
100%
Orange Orange
100%
Crayon Pencil
100%
Cochon Pig
100%
Pizza Pizza
100%
Violet Purple
100%
Rouge Red
100%
Salade Salad
100%
Dix-Sept Seventeen
100%
Soixante-Dix Seventy
100%
Seize Sixteen
100%
Soixante Sixty
100%
Dix Ten
100%
Dix-Mille Ten-Thousand
100%
Elles They
100%
Treize Thirteen
100%
Trente Thirty
100%
Trois Three
100%
jeudi Thursday
100%
Mardi Tuesday
100%
Tortue Turtle
100%
Douze Twelve
100%
Vingt Twenty
100%
Mecredi Wednesday
100%
Blanc White
100%
Tu You
100%
Vous You
100%
Janvier January
90%
Chat Cat
89%
ils They
89%
Poulet Chicken
88%
Vendredi Friday
86%
Juin June
86%
Octobre October
86%
Rose Pink
86%
Baleine Whale
86%
Août August
83%
Vache Cow
83%
Canard Duck
83%
Juillet July
83%
Moi Me
83%
Animal Animal
80%
Vert Green
80%
Mai May
80%
Mama Mom
80%
Deux Two
80%
Quinze Fifteen
75%
Cheval Horse
75%
Souris Mouse
75%
Cent One-Hundred
75%
Sept Seven
75%
Dimanche Sunday
75%
Agneau Lamb
71%
Singe Monkey
71%
Mille Thousand
71%
Brun Brown
67%
Intéresser Interested
67%
Dix-Neuf Ninteen
67%
Elle She
67%
Mouton Sheep
67%
Crier Shout
67%
Six Six
67%
Jaune Yellow
67%
Vache Cow
60%
Aller Go
60%
Mars March
60%
Neuf NIne
60%
Quatre-Vingt-Dix Ninty
60%
On We
57%
Février February
50%
Quarante Forty
50%
Gris Gray
50%
il He
50%
Chèvre Horse
50%
Cent-Mile One-Hundred-Thousand
50%
Samdi Saturday
50%
Phoque Seal
50%
Sœur Sister
50%
Nous Us
50%
Cerf Deer
40%
Coq Rooster
38%
Quatre-Vingts Eighty
33%
Pâtes Pasta
33%
Septembre Septembre
33%
Dinde Turkey
29%
Frites French Fries
20%
Hérisson Hedgehog
17%
Taureau Bull
14%
S'amuser Amuse
0%
Abeille Bee
0%
Cousin Boy cousin
0%
Brebis Ewe
0%
Cousine Girl cousin
0%
Poule Hen
0%
Hamburger Humburger
0%
Million One-Million
0%
préférer Préférer
0%
No matching quizzes found
Score Distribution
Percent of People with Each Score
Percentile by Number Answered
Your Score History
You have not taken this quiz